Statistics for Guess Kpop girlgroup songs through emojis(pt13)

Click here to take the quiz!

General Stats

  • This quiz has been taken 25 times
  • The average score is 4 of 28

Answer Stats

Answer% Correct
Cry for me - TWICE
86%
Mascara - XG
76%
Kick it - BLACKPINK
48%
Mr. Vampire - ITZY
48%
Sugarcoat - NATTY
29%
Birthday - Jeon Somi / Birthday - Red Velvet
19%
Dancing queen - SNSD
19%
Touch my body - SISTAR
19%
Gashina - Sunmi
14%
Life's too short - aespa
14%
The great mermaid - LE SSERAFIM
14%
7HEAVEN - Purple Kiss
10%
Blue Lemonade - Red Velvet
10%
Downpour - I.O.I
10%
Baddie - IVE
5%
BBI BBI - IU
5%
Get up - Newjeans
5%
La di da - EVERGLOW
5%
What do I call you - Taeyeon
5%
Allergy - (G)I-DLE
0%
Black swan - RAINBOW
0%
Expectation - Girl's Day
0%
Flower way - Sejeong
0%
Gun - 9muses
0%
No one - Lee Hi(ft. B.I)
0%
Sunrise - GFriend
0%
Sweet crazy love - Loona Odd Eye Circle
0%
Through the night - IU
0%

Score Distribution

Percentile by Number Answered

Percent of People with Each Score

Your Score History

You have not taken this quiz